[Event "Valencia Region-ch Segunda"]
[Site "Valencia"]
[Date "2015.10.03"]
[Round "1.7"]
[White "Cabrera Piqueres, Vicente"]
[Black "Longas Alonso, Miguel Angel"]
[Result "1-0"]
[WhiteElo "1587"]
[BlackElo "1294"]
[PlyCount "57"]
[EventDate "2015.10.03"]
[EventType "swiss"]
[EventRounds "7"]
[EventCountry "ESP"]
[SourceTitle "EXT 2024"]
[Source "ChessBase"]
[SourceDate "2023.10.10"]
[SourceVersion "1"]
[SourceVersionDate "2023.10.10"]
[SourceQuality "1"]

1. e4 e5 2. Nf3 d6 3. d4 Bg4 4. Be2 Be7 5. Be3 Bxf3 6. Bxf3 Nf6 7. Nc3 c6 8. 0-0 0-0 9. Qe2 Nbd7 10. Rad1 Nb6 11. dxe5 Ne8 12. Bg4 Nc7 13. exd6 Bxd6 14. e5 Ncd5 15. exd6 Qxd6 16. Ne4 Qc7 17. Bf3 Nxe3 18. Qxe3 Nc4 19. Qc3 Ne5 20. Be2 Rae8 21. Rfe1 Re6 22. Ng3 Ng6 23. Nf5 f6 24. Bc4 Kh8 25. Rxe6 Ne5 26. Bb3 Ng4 27. Qg3 Qxg3 28. hxg3 h6 29. Rd7 1-0